000 00219nam a22000857a 4500
008 161227b xxu||||| |||| 00| 0 eng d
100 _92171
_aBruylants.A
245 _aDiscovering My self -7
260 _aNew Delhi
_bOxford
_c2009
999 _c5060
_d5060